Кинематический волновой редуктор с торцевыми шаровыми зубьями; Современные техника и технологии; Т. 1

Sonraí bibleagrafaíochta
Parent link:Современные техника и технологии: сборник трудов XVIII международной научно-практической конференции студентов, аспирантов и молодых ученых, Томск, 9-13 апреля 2012 г/ Национальный исследовательский Томский политехнический университет (ТПУ).— , 2012
Т. 1.— 2012.— [С. 317-318]
Príomhchruthaitheoir: Симачева А. В.
Rannpháirtithe: Крауиньш П. Я. Петр Янович (научный руководитель)
Achoimre:Заглавие с титульного листа
Teanga:Rúisis
Foilsithe / Cruthaithe: 2012
Sraith:Секция 3: Технология, оборудование и автоматизация машиностроительных производств
Ábhair:
Rochtain ar líne:http://www.lib.tpu.ru/fulltext/v/Conferences/2012/C2/V1/v1_155.pdf
Formáid: Leictreonach Caibidil leabhair
KOHA link:https://koha.lib.tpu.ru/cgi-bin/koha/opac-detail.pl?biblionumber=222300

MARC

LEADER 00000naa2a2200000 4500
001 222300
005 20260216160154.0
035 |a (RuTPU)RU\TPU\book\242485 
035 |a RU\TPU\book\242468 
090 |a 222300 
100 |a 20120920d2012 k y0rusy50 ca 
101 0 |a rus 
102 |a RU 
135 |a drcn ---uucaa 
181 0 |a i  
182 0 |a b 
200 1 |a Кинематический волновой редуктор с торцевыми шаровыми зубьями  |f А. В. Симачева  |g науч. рук. П. Я. Крауиньш 
203 |a Текст  |c электронный 
215 |a 1 файл (885 Кб) 
225 1 |a Секция 3: Технология, оборудование и автоматизация машиностроительных производств 
300 |a Заглавие с титульного листа 
320 |a [Библиогр.: с. 318 (4 назв.)] 
337 |a Adobe Reader 
461 1 |0 (RuTPU)RU\TPU\book\240890  |t Современные техника и технологии  |o сборник трудов XVIII международной научно-практической конференции студентов, аспирантов и молодых ученых, Томск, 9-13 апреля 2012 г  |o в 3 т.  |f Национальный исследовательский Томский политехнический университет (ТПУ)  |d 2012 
463 1 |0 (RuTPU)RU\TPU\book\240891  |t Т. 1  |v [С. 317-318]  |d 2012 
610 1 |a труды учёных ТПУ 
610 1 |a электронный ресурс 
610 1 |a волновые зубчатые передачи 
610 1 |a редукторы 
610 1 |a торцевые конструкции 
610 1 |a зубчатые передачи 
610 1 |a зацепления 
700 1 |a Симачева  |b А. В. 
702 1 |a Крауиньш  |b П. Я.  |c специалист в области машиностроения  |c профессор Томского политехнического университета, доктор технических наук  |f 1939-  |g Петр Янович  |4 727 
801 2 |a RU  |b 63413507  |c 20130205  |g RCR 
856 4 |u http://www.lib.tpu.ru/fulltext/v/Conferences/2012/C2/V1/v1_155.pdf 
942 |c CF